000
00280nam a2200097Ia 4500
001
645091
005
20250826153617.0
008
250824s9999 xx 000 0 und d
245
0
_a
VADİDEKİ ZAMBAK ANTİK OKUL KLASİKLERİ
_c
HONORE DE BALZAC
260
_b
ANTİK DÜNYA KLASİKLERİ
999
_c
645091
_d
645091